Statistiques concernant La carrière d'Hatem Ben Arfa

Cliquez ici pour prendre le quiz!

Statistiques générales

  • Ce quiz a été pris 237 fois
  • Le résultat moyen est 8 sur 10

Statistiques - réponses

Réponse% Correct
Paris Saint Germain
98%
Olympique de Marseille
97%
Olympique lyonnais
96%
OGC Nice
92%
Stade Rennais
90%
Newcastle
83%
Lille
76%
Girondins de Bordeaux
67%
Hull City
38%
Real Valladolid
37%

Distribution des résultats

Percentile par nombre de réponses

% des personnes avec chaque résultat

Votre développement - résultats

Vous n’avez pas pris ce quiz